[Event "4NCL Division 4 South"]
[Site "Telford, ENG"]
[Date "2017.02.11"]
[Round "5.102"]
[White "Watson, Jacob"]
[Black "Karia, Devin"]
[Result "1-0"]
[WhiteElo "1790"]
[BlackElo "1622"]
[PlyCount "77"]
[EventDate "2017.02.11"]
[WhiteTeam "Kent Kestrels"]
[BlackTeam "Barnet Knights 2"]

1. e4 e5 2. Nf3 Nc6 3. Bb5 Nge7 4. d3 g6 5. O-O Bg7 6. c3 O-O 7. Nbd2 d6 8. Re1
f5 9. Qb3+ d5 10. exd5 Nxd5 11. Bxc6 bxc6 12. Nxe5 Re8 13. Ndf3 Qd6 14. d4 Bxe5
15. dxe5 Qe6 16. Bd2 Ba6 17. Nd4 Qd7 18. Qa4 Nb6 19. Qxa6 Qd5 20. Qe2 Nc4 21.
Bf4 Nd6 22. Qf3 Ne4 23. g4 g5 24. gxf5 gxf4 25. Qxe4 Qf7 26. Qxf4 Kh8 27. Re3
Rg8+ 28. Rg3 Rg7 29. f6 Rg6 30. Rxg6 Qxg6+ 31. Qg3 Qf7 32. Qg7+ Qxg7+ 33. fxg7+
Kxg7 34. Re1 Kf7 35. e6+ Ke7 36. Nxc6+ Kd6 37. e7 Re8 38. Nd4 Rxe7 39. Nf5+ 1-0

[Event "4NCL Division 4 South"]
[Site "Telford, ENG"]
[Date "2017.02.11"]
[Round "5.103"]
[White "Karia, Kamlesh"]
[Black "Watson, Mikey J"]
[Result "1-0"]
[WhiteElo "1622"]
[BlackElo "1773"]
[PlyCount "39"]
[EventDate "2017.02.11"]
[WhiteTeam "Barnet Knights 2"]
[BlackTeam "Kent Kestrels"]

1. e4 d6 2. d4 Nf6 3. Bd3 g6 4. Bg5 Bg7 5. c3 Nbd7 6. Nf3 h6 7. Be3 O-O 8. h3
c5 9. Qd2 Kh7 10. g4 c4 11. Bc2 Ng8 12. h4 Ndf6 13. g5 Ng4 14. gxh6 N8xh6 15.
h5 Nxe3 16. hxg6+ fxg6 17. Qxe3 Rh8 18. e5 dxe5 19. Nxe5 Qd5 20. Be4 1-0

[Event "4NCL Division 4 South"]
[Site "Telford, ENG"]
[Date "2017.02.11"]
[Round "5.104"]
[White "Lettington, David"]
[Black "Balouka-Myers, Toby"]
[Result "1-0"]
[WhiteElo "1634"]
[BlackElo "1592"]
[PlyCount "71"]
[EventDate "2017.02.11"]
[WhiteTeam "Kent Kestrels"]
[BlackTeam "Barnet Knights 2"]

1. Nf3 e6 2. g3 Nf6 3. Bg2 Be7 4. O-O O-O 5. d3 Nc6 6. Nbd2 d6 7. e4 Re8 8. c3
e5 9. Qe2 Bg4 10. h3 Bh5 11. Nc4 d5 12. exd5 Qxd5 13. g4 Bg6 14. Nfxe5 Bxd3 15.
Qxd3 Nxe5 16. Qxd5 Nxd5 17. Bxd5 c6 18. Nxe5 cxd5 19. Nd3 Bf6 20. g5 Be7 21.
Bf4 Rad8 22. Be3 Rd6 23. Bc5 Rg6 24. Bxe7 Rxe7 25. f4 Re3 26. Ne5 Re6 27. Rad1
Rxh3 28. Rxd5 h6 29. g6 fxg6 30. Rd8+ Kh7 31. Nf7 g5 32. f5 g6 33. fxe6 Re3 34.
Nxg5+ hxg5 35. Rf7+ Kh6 36. Rh8# 1-0

[Event "4NCL Division 4 South"]
[Site "Telford, ENG"]
[Date "2017.02.11"]
[Round "5.105"]
[White "Atalla, George"]
[Black "Nayak, Aurideep"]
[Result "0-1"]
[WhiteElo "1547"]
[BlackElo "1572"]
[PlyCount "78"]
[EventDate "2017.02.11"]
[WhiteTeam "Barnet Knights 2"]
[BlackTeam "Kent Kestrels"]

1. d4 f5 2. Nf3 Nf6 3. g3 e6 4. Bg2 Be7 5. O-O O-O 6. b3 d6 7. Bb2 Qe8 8. c4 h6
9. Nc3 Nbd7 10. Re1 Ne4 11. Nd2 Nxc3 12. Bxc3 Bf6 13. e4 Qf7 14. Qc2 c5 15.
exf5 exf5 16. Bd5 cxd4 17. Bxf7+ Rxf7 18. Re8+ Nf8 19. Bb2 f4 20. Qd3 Bf5 21.
Qxf5 Rxe8 22. Qd3 fxg3 23. hxg3 Ne6 {(=)} 24. Ne4 Be5 25. f4 Bxf4 26. gxf4 Nxf4
27. Qc2 d3 28. Qh2 Rxe4 29. Kh1 Re2 30. Qg3 Rxb2 31. Rf1 d2 32. Rd1 Re7 33. Qh4
g5 34. Qf2 Re2 35. Qf1 Rxa2 36. Rb1 d1=Q 37. Qxd1 Rh2+ 38. Kg1 Rag2+ 39. Kf1
Rh1# 0-1

[Event "4NCL Division 4 South"]
[Site "Telford, ENG"]
[Date "2017.02.11"]
[Round "5.106"]
[White "Jones, Andrew"]
[Black "Sezer, Steve"]
[Result "1-0"]
[WhiteElo "1510"]
[BlackElo "1510"]
[PlyCount "31"]
[EventDate "2017.02.11"]
[WhiteTeam "Kent Kestrels"]
[BlackTeam "Barnet Knights 2"]

1. e4 c5 2. Nf3 Nc6 3. d4 cxd4 4. Nxd4 e6 5. Nc3 a6 6. Be2 Nf6 7. O-O Be7 8. f4
e5 9. Nf5 Bc5+ 10. Kh1 O-O 11. fxe5 Nxe5 12. Bg5 d6 13. Nd5 Ned7 14. Qe1 Nb6
15. Bxf6 gxf6 16. Qg3+ 1-0

[Event "4NCL Division 4 South"]
[Site "Telford, ENG"]
[Date "2017.02.11"]
[Round "5.201"]
[White "Kamath, Vikram"]
[Black "Balouka-Myers, Raphael"]
[Result "1-0"]
[WhiteElo "1817"]
[BlackElo "1480"]
[PlyCount "51"]
[EventDate "2017.02.11"]
[WhiteTeam "D&D Utd"]
[BlackTeam "Barnet Knights 3"]

1. e4 e6 2. Nf3 d5 3. e5 c5 4. b4 cxb4 5. d4 Nc6 6. a3 Qa5 7. a4 Nh6 8. Bd3 Nf5
9. Bxf5 exf5 10. O-O g6 11. Nbd2 Bg7 12. Nb3 b6 13. Nxa5 bxa5 14. Be3 O-O 15.
Qd2 Be6 16. Bh6 Rac8 17. Bxg7 Kxg7 18. h4 Kg8 19. Qh6 f6 20. Rfe1 Rce8 21. exf6
Rxf6 22. Ng5 Nd8 23. Qxh7+ Kf8 24. Qh8+ Bg8 25. Nh7+ Kf7 26. Qxf6# 1-0

[Event "4NCL Division 4 South"]
[Site "Telford, ENG"]
[Date "2017.02.11"]
[Round "5.204"]
[White "Carter, Gavin"]
[Black "Sheikh, Nasarullah"]
[Result "0-1"]
[WhiteElo "1277"]
[BlackElo "1646"]
[PlyCount "92"]
[EventDate "2017.02.11"]
[WhiteTeam "Barnet Knights 3"]
[BlackTeam "D&D Utd"]

1. e4 Nf6 2. e5 Nd5 3. d4 d6 4. Nf3 dxe5 5. Nxe5 c6 6. c4 Nb4 7. a3 Qxd4 8. Nd3
Nxd3+ 9. Qxd3 e5 10. Nc3 Na6 11. Be3 Qxd3 12. Bxd3 Be6 13. O-O f5 14. f3 Bc5
15. Bf2 O-O-O 16. Be2 Rd2 17. Rab1 Bd4 18. Rfe1 Nc5 19. Bxd4 exd4 20. Nd1 d3
21. Bf1 Bxc4 22. Ne3 Ba2 23. Rbc1 b6 24. Nxf5 Rxb2 25. Nd6+ Kc7 26. Nc4 Bxc4
27. Rxc4 Rd8 28. Rd1 d2 29. Be2 Ra2 30. Rc3 Na4 31. Rd3 Rxd3 32. Bxd3 g6 33.
Kf2 Nc3 34. Be2 Nxd1+ 35. Bxd1 Rxa3 36. Ke2 Ra2 37. Kd3 b5 38. Kc3 c5 39. Bc2
b4+ 40. Kxd2 b3 41. Kc1 Rxc2+ 42. Kb1 a5 43. h4 a4 44. g4 a3 45. f4 Rf2 46. f5
Rf1# 0-1

[Event "4NCL Division 4 South"]
[Site "Telford, ENG"]
[Date "2017.02.11"]
[Round "5.207"]
[White "Sheikh, Anum"]
[Black "Vaidya, Raghav"]
[Result "1/2-1/2"]
[WhiteElo "1479"]
[BlackElo "1345"]
[PlyCount "90"]
[EventDate "2017.02.11"]
[WhiteTeam "D&D Utd"]
[BlackTeam "Barnet Knights 3"]

1. e4 c5 2. g3 Nc6 3. Bg2 Nf6 4. f4 d6 5. Ne2 e5 6. O-O Be7 7. d3 O-O 8. f5 d5
9. Nbc3 dxe4 10. Nxe4 Nxe4 11. Bxe4 Nd4 12. c3 Nxe2+ 13. Qxe2 Rb8 14. Bg2 Bf6
15. Be3 b6 16. g4 Bb7 17. Rad1 Qe7 18. Qd2 h6 19. Bxb7 Rxb7 20. Rf2 Rd7 21. Kg2
e4 22. d4 cxd4 23. Bxd4 Rfd8 24. Qe3 Bxd4 25. cxd4 Qf6 26. Rfd2 Qc6 27. a3 g5
28. Kh1 Qd5 29. Re1 Qc4 30. Qxe4 Rxd4 31. Rxd4 Qxd4 32. Qxd4 Rxd4 33. Rg1 Rd2
34. Rg2 Rd1+ 35. Rg1 Rxg1+ 36. Kxg1 Kg7 37. Kf2 Kf6 38. Kf3 Ke5 39. Ke3 f6 {(=)
} 40. a4 a6 {(=)} 41. b3 b5 42. a5 Kd5 43. Kd3 Ke5 44. Ke3 Kd5 {(=)} 45. Kd3
Ke5 1/2-1/2

[Event "4NCL Division 4 South"]
[Site "Telford, ENG"]
[Date "2017.02.11"]
[Round "5.203"]
[White "Orgler, Lukas"]
[Black "Froom, Oliver"]
[Result "0-1"]
[WhiteElo "1420"]
[BlackElo "1942"]
[PlyCount "120"]
[EventDate "2017.02.11"]
[WhiteTeam "Barnet Knights 3"]
[BlackTeam "The Pitstop"]

1. e4 c5 2. c3 d5 3. exd5 Qxd5 4. d4 cxd4 5. Qxd4 Qxd4 6. cxd4 Nc6 7. Bb5 Bd7
8. Ne2 Nf6 9. a3 g6 10. Nbc3 Bg7 11. h3 O-O 12. O-O Rfd8 13. Be3 a6 14. Ba4 b5
15. Bb3 Na5 16. Ba2 Rac8 17. Rac1 Nc4 18. Bxc4 Rxc4 19. Na2 Rdc8 20. Rxc4 Rxc4
21. Rc1 Rxc1+ 22. Naxc1 Nd5 23. Nb3 e5 24. Nc5 Bc8 25. Kf1 a5 26. Ke1 Kf8 27.
Kd2 Ke7 28. Kd3 Bf5+ 29. Kd2 Bc8 30. Kd3 Kd6 31. Ne4+ Ke7 32. Nc5 f5 33. Bg5+
Kd6 34. f3 a4 35. Bd2 {(=)} exd4 36. Bb4 Nxb4+ 37. axb4 Kd5 38. g3 g5 39. f4 h6
40. h4 gxh4 41. gxh4 Bf6 42. h5 Be7 43. Nxd4 Bxc5 44. bxc5 Kxc5 45. Nf3 Be6 46.
Nd4 Bd7 47. Nf3 b4 48. Nh4 Kd5 49. Ng6 Bb5+ 50. Kc2 Be2 51. Ne7+ Ke4 52. Ng8
Kxf4 53. Nxh6 Bxh5 54. Kd3 Kg5 55. Ng8 f4 56. Ne7 f3 57. Nd5 f2 58. Ne3 Kf4 59.
Nf1 Bf7 60. Ke2 Bc4+ 0-1

[Event "4NCL Division 4 South"]
[Site "Telford, ENG"]
[Date "2017.02.11"]
[Round "5.206"]
[White "Sloan, Hamish"]
[Black "Rampley, Oscar"]
[Result "1-0"]
[WhiteElo "1531"]
[BlackElo "1300"]
[PlyCount "119"]
[EventDate "2017.02.11"]
[WhiteTeam "The Pitstop"]
[BlackTeam "Barnet Knights 3"]

1. e4 e5 2. Nf3 Nc6 3. Bb5 a6 4. Ba4 Nf6 5. O-O Nxe4 6. Re1 Nc5 7. Bxc6 dxc6 8.
Nxe5 Be7 9. d4 Ne6 10. c3 O-O 11. Be3 Re8 12. Nd3 Nf8 13. Nd2 Ng6 14. Nf3 Bf5
15. Nf4 Nxf4 16. Bxf4 Bd6 17. Bxd6 Rxe1+ 18. Qxe1 cxd6 19. Qe3 Qb6 20. Re1 Rf8
21. b3 c5 22. c4 Qc7 23. dxc5 Qxc5 24. Qxc5 dxc5 25. h3 h6 26. g4 Be6 27. Rd1
Ra8 28. Rc1 h5 29. Nh2 hxg4 30. hxg4 Bd7 31. Kg2 b5 32. Kg3 Kf8 33. Nf1 bxc4
34. Rxc4 Bb5 35. Rc1 Bxf1 36. Rxf1 Ke7 37. Rd1 Rd8 38. Rxd8 Kxd8 39. Kf4 Ke7
40. Ke5 g5 41. Kd5 Kf6 42. f3 Kg6 43. Ke5 f6+ 44. Ke6 a5 45. a4 Kg7 46. Kd5 Kf7
47. Kxc5 Ke6 48. b4 Ke5 49. bxa5 Kf4 50. a6 Kxf3 51. a7 Kxg4 52. a8=Q f5 53.
Qg2+ Kh4 54. a5 g4 55. a6 f4 56. a7 f3 57. Qh2+ Kg5 58. a8=Q g3 59. Qxg3+ Kh6
60. Qh8# 1-0

[Event "4NCL Division 4 South"]
[Site "Telford, ENG"]
[Date "2017.02.11"]
[Round "5.209"]
[White "Conner, Rory"]
[Black "Faizi, Tariq"]
[Result "0-1"]
[WhiteElo "1097"]
[BlackElo "1415"]
[PlyCount "136"]
[EventDate "2017.02.11"]
[WhiteTeam "Barnet Knights 3"]
[BlackTeam "The Pitstop"]

1. e4 c5 2. c3 d5 3. exd5 Qxd5 4. d4 cxd4 5. cxd4 Nc6 6. Nf3 Nf6 7. Nc3 Qd8 8.
Bc4 Bg4 9. d5 Ne5 10. Be2 Nxf3+ 11. Bxf3 Bxf3 12. Qxf3 g6 13. O-O Bg7 14. Bf4
Nh5 15. Rfd1 Nxf4 16. Qxf4 O-O 17. h3 Rc8 18. Rac1 a6 19. a3 Qa5 20. Qb4 Qxb4
21. axb4 Rc4 22. Na2 Rfc8 23. Rxc4 Rxc4 24. b3 Rc2 25. Nc1 Kf8 26. Kf1 Ke8 27.
Nd3 Kd7 28. Nc5+ Kc7 29. g3 Bc3 30. Nd3 b6 31. Kg2 Rd2 32. Rxd2 Bxd2 33. Kf3
Kd6 34. Ke4 f5+ 35. Kd4 Bh6 36. Nf4 Bg7+ 37. Kc4 b5+ 38. Kd3 Be5 39. h4 Bxf4
40. gxf4 Kxd5 41. Ke3 h6 42. Kd3 e5 43. fxe5 Kxe5 44. Ke3 f4+ 45. Ke2 Ke4 46.
f3+ Kd4 47. Kd2 g5 48. hxg5 hxg5 49. Ke2 Kc3 50. Kf2 Kxb4 51. Kg2 Kxb3 52. Kh3
Kc4 53. Kg4 b4 54. Kxg5 b3 55. Kxf4 b2 56. Kg4 b1=Q 57. f4 Qg6+ 58. Kf3 a5 59.
Ke3 a4 60. Kd2 Qd3+ 61. Ke1 Qc2 62. f5 Qxf5 63. Ke2 Qd3+ 64. Kf2 a3 65. Kg2 a2
66. Kg1 a1=Q+ 67. Kg2 Qb2+ 68. Kg1 Qd1# 0-1

[Event "4NCL Division 4 South"]
[Site "Telford, ENG"]
[Date "2017.02.11"]
[Round "5.202"]
[White "Ogunshola, Ben"]
[Black "Jaufarally, Nadia"]
[Result "1/2-1/2"]
[WhiteElo "2152"]
[BlackElo "1664"]
[PlyCount "50"]
[EventDate "2017.02.11"]
[WhiteTeam "The Pitstop"]
[BlackTeam "D&D Utd"]

1. Nf3 d5 2. g3 g6 3. Bg2 Bg7 4. O-O Nf6 5. c4 c6 6. d4 O-O 7. cxd5 cxd5 8. Ne5
Nc6 9. Nxc6 bxc6 10. Nc3 Bf5 11. Bf4 Ne4 12. Nxe4 Bxe4 13. Bxe4 dxe4 14. Be3
Qb6 15. Qa4 Qxb2 16. Qxc6 Qxe2 17. Qxe4 Rfd8 18. Qxe7 Bxd4 19. Rfe1 Qf3 20.
Bxd4 Rxd4 21. Re3 Qd5 22. Qf6 Rd1+ 23. Rxd1 Qxd1+ 24. Kg2 Qd5+ 25. Qf3 Qxf3+
1/2-1/2

[Event "4NCL Division 4 South"]
[Site "Telford, ENG"]
[Date "2017.02.11"]
[Round "5.205"]
[White "Kilcline, Declan A"]
[Black "Fernando, Manel"]
[Result "1/2-1/2"]
[WhiteElo "1652"]
[BlackElo "1621"]
[PlyCount "39"]
[EventDate "2017.02.11"]
[WhiteTeam "D&D Utd"]
[BlackTeam "The Pitstop"]

1. e4 e5 2. Nf3 Nc6 3. Bc4 Be7 4. d4 exd4 5. Nxd4 d6 6. O-O Nf6 7. Nc3 O-O 8.
f3 Ne5 9. Bb3 c5 10. Nde2 Be6 11. Bd5 Nxd5 12. Nxd5 f5 13. Nef4 Bd7 14. Nxe7+
Qxe7 15. Nd5 Qd8 16. Bf4 fxe4 17. Bxe5 dxe5 18. fxe4 Bc6 19. c4 Rc8 20. Qg4
1/2-1/2

[Event "4NCL Division 4 South"]
[Site "Telford, ENG"]
[Date "2017.02.11"]
[Round "5.208"]
[White "Fredlund, Richard"]
[Black "Kilcline, Jenny"]
[Result "0-1"]
[WhiteElo "1495"]
[BlackElo "1517"]
[PlyCount "58"]
[EventDate "2017.02.11"]
[WhiteTeam "The Pitstop"]
[BlackTeam "D&D Utd"]

1. e4 e6 2. d4 d5 3. exd5 exd5 4. Bf4 Nf6 5. Bd3 g6 6. Nd2 Bg7 7. Qe2+ Be6 8.
Ngf3 O-O 9. O-O b6 10. c3 c5 11. Ne5 Re8 12. Bb5 Bd7 13. Bxd7 Nbxd7 14. Qf3
Nxe5 15. Bxe5 cxd4 16. Bxd4 Ne4 17. Qd3 Nc5 18. Qf3 Ne4 19. Qd3 Nc5 20. Qf3 Bh6
21. Rad1 Ne4 22. Nxe4 dxe4 23. Qh3 Bf8 24. Rfe1 Qg5 25. Be3 Qb5 26. Bc1 Rad8
27. Rxd8 Rxd8 28. Qh4 Qe2 29. f3 Rd1 0-1

[Event "4NCL Division 4 South"]
[Site "Reading, ENG"]
[Date "2017.03.18"]
[Round "7.11"]
[White "Willmoth, Robert F"]
[Black "Davis, Lee"]
[Result "1/2-1/2"]
[WhiteElo "2282"]
[BlackElo "2030"]
[PlyCount "108"]
[EventDate "2017.03.18"]
[WhiteTeam "Barnet Knights 1"]
[BlackTeam "The Full Ponty"]

1. d4 e6 2. g3 d5 3. Bg2 Nf6 4. Nf3 Be7 5. O-O O-O 6. c4 c6 7. b3 Nbd7 8. Bb2
b6 9. Ne5 Bb7 10. Nc3 c5 11. Nxd7 Qxd7 12. cxd5 exd5 13. Qd3 Rfd8 14. Rfd1 Rac8
15. Rac1 c4 16. bxc4 dxc4 17. Qc2 Bxg2 18. Kxg2 b5 19. Rb1 b4 20. Na4 b3 21.
axb3 Qd5+ 22. Kg1 cxb3 23. Qd3 Qc4 24. Nc3 Bb4 25. Rbc1 Qxd3 26. Rxd3 h6 27.
Nd1 Rxc1 28. Bxc1 a5 29. Rxb3 {( (=)} Rxd4 30. Nb2 Ne4 31. Nd3 Nc5 32. Nxc5
Rd1+ 33. Kg2 Rxc1 34. Nd3 Rc3 35. Rb1 Rc4 {(=)} 36. Nxb4 Rxb4 37. Rc1 Rb8 38.
Rc4 Kf8 39. Kf3 Ke7 40. Rc7+ Ke6 41. Ra7 Rb5 42. e4 g6 43. Kf4 Rc5 44. Ra6+ Ke7
45. h4 Rc2 46. f3 Rc5 47. e5 Rb5 48. Ke4 Rb4+ 49. Kd5 Rb5+ 50. Kd4 Rb4+ 51. Kc3
Rb5 52. f4 h5 53. Kc4 Rb4+ 54. Kd5 Rb5+ 1/2-1/2

[Event "4NCL Division 4 South"]
[Site "Reading, ENG"]
[Date "2017.03.18"]
[Round "7.12"]
[White "Adams, Mark"]
[Black "Villiers, Thomas"]
[Result "0-1"]
[WhiteElo "1965"]
[BlackElo "2245"]
[PlyCount "92"]
[EventDate "2017.03.18"]
[WhiteTeam "The Full Ponty"]
[BlackTeam "Barnet Knights 1"]

1. e4 d6 2. d4 Nf6 3. Nc3 g6 4. f4 Bg7 5. Nf3 O-O 6. Bd3 c6 7. e5 dxe5 8. dxe5
Nd5 9. Nxd5 Qxd5 10. Be3 Na6 11. Qe2 Nb4 12. O-O Nxd3 13. Qxd3 Qxd3 14. cxd3
Rd8 15. d4 Rd5 16. h3 Bf5 17. Rac1 Rad8 18. Rc3 Rb5 19. Rf2 Bf8 20. g4 Be4 21.
Nd2 Bd5 22. Nf1 Bxa2 23. Ra3 Bc4 24. Rxa7 Rb3 25. Ra3 Rxa3 26. bxa3 e6 27. Nd2
Bd3 28. a4 Ra8 29. Nb3 Rxa4 30. Nc5 Ra3 31. Bc1 Rc3 32. Bb2 Rxc5 33. dxc5 Bxc5
34. Kg2 Be4+ 35. Kg3 Bxf2+ 36. Kxf2 c5 37. g5 Kf8 38. Ke3 Bd5 39. Ba3 b6 40.
Kd3 Ke7 41. h4 Kd7 42. Bc1 b5 43. Bd2 b4 44. Be3 Kc6 45. Kc2 Be4+ 46. Kb2 Kb5
0-1

[Event "4NCL Division 4 South"]
[Site "Reading, ENG"]
[Date "2017.03.18"]
[Round "7.13"]
[White "Brozel, Sacha"]
[Black "Davies, Peter"]
[Result "1/2-1/2"]
[WhiteElo "2132"]
[BlackElo "2021"]
[PlyCount "113"]
[EventDate "2017.03.18"]
[WhiteTeam "Barnet Knights 1"]
[BlackTeam "The Full Ponty"]

1. g3 d5 2. Nf3 c5 3. Bg2 Nc6 4. d4 e6 5. O-O Nf6 6. c4 cxd4 7. Nxd4 Be7 8. Nc3
O-O 9. cxd5 exd5 10. Bg5 Qb6 11. Nxc6 bxc6 12. Na4 Qa5 13. Rc1 Bf5 14. b3 Rac8
15. Qd4 Rfe8 16. Qf4 Be6 17. Rfd1 Ba3 18. Rc2 Ne4 19. Bxe4 dxe4 20. Qd2 Bb4 21.
Qc1 Bd5 22. Nc3 Bxc3 23. Rxc3 f6 24. Be3 Rcd8 25. Qb2 a6 26. Rc5 Qb4 27. Qc3
Qxc3 28. Rxc3 Rb8 29. Rd4 Rb6 30. Ra4 Ra8 31. Kf1 Kf7 32. Ke1 Ke6 33. Rc5 f5
34. Raa5 g6 35. Kd2 Kd6 36. Kc3 h5 37. h4 Rb7 38. Bf4+ Ke6 39. Bd2 Rb5 40. Be3
Rb7 41. Bd2 Rb5 42. Kd4 Rb7 43. Ra4 Rb5 44. Ra5 Rb7 45. b4 Rb5 46. a4 Rbb8 47.
Rc1 Rd8 48. Bg5 Rdb8 49. Kc5 Bb3 50. Bf4 Rb7 51. Rb1 Bd5 52. Rd1 Rd7 53. Kb6
Rda7 54. Rd4 Rb7+ 55. Kc5 Rd7 56. e3 Rb7 57. Rd2 1/2-1/2

[Event "4NCL Division 4 South"]
[Site "Reading, ENG"]
[Date "2017.03.18"]
[Round "7.14"]
[White "Perrett, David C"]
[Black "Orgler, Philipp"]
[Result "0-1"]
[WhiteElo "1957"]
[BlackElo "2110"]
[PlyCount "102"]
[EventDate "2017.03.18"]
[WhiteTeam "The Full Ponty"]
[BlackTeam "Barnet Knights 1"]

1. e3 e5 2. c4 f5 3. Nc3 Nf6 4. b3 Nc6 5. Bb2 Bc5 6. Na4 Be7 7. Nf3 e4 8. Nd4
d6 9. Be2 Nxd4 10. Bxd4 Bd7 11. Nc3 O-O 12. f4 c6 13. O-O a6 14. Qc2 Rc8 15.
Rab1 Be6 16. b4 Nd7 17. Nd1 b5 18. a4 c5 19. bxc5 dxc5 20. Ba1 b4 21. d3 exd3
22. Bxd3 g6 23. Nf2 Bf6 24. e4 Bxa1 25. Rxa1 Qf6 26. e5 Qg7 27. Nd1 Nb8 28. Ne3
Nc6 29. Nd5 Nd4 30. Qf2 Rfd8 31. Nf6+ Kh8 32. Rad1 b3 33. h3 Qb7 34. h4 Qf7 35.
h5 Qg7 36. g4 gxh5 37. g5 Rb8 38. Nxh5 Qf7 39. Nf6 Bxc4 40. Bxc4 Qxc4 41. Qh4
Nf3+ 42. Rxf3 Rxd1+ 43. Kg2 Rb7 44. Qh6 Rg7 45. Qh5 Qe2+ 46. Rf2 Qxh5 47. Nxh5
Rg8 48. Rb2 Rb8 49. e6 Re1 50. Nf6 c4 51. Rd2 Rxe6 0-1

[Event "4NCL Division 4 South"]
[Site "Reading, ENG"]
[Date "2017.03.18"]
[Round "7.16"]
[White "Dixon, Chris"]
[Black "Karia, Rishul"]
[Result "1/2-1/2"]
[WhiteElo "1800"]
[BlackElo "1915"]
[PlyCount "63"]
[EventDate "2017.03.18"]
[WhiteTeam "The Full Ponty"]
[BlackTeam "Barnet Knights 1"]

1. Nf3 Nf6 2. g3 g6 3. Bg2 Bg7 4. O-O d6 5. d3 c5 6. e4 Nc6 7. Nc3 O-O 8. h3
Rb8 9. a4 a6 10. Be3 Re8 11. Qd2 b5 12. axb5 axb5 13. Bh6 Bh8 14. Ng5 e6 15.
Rae1 Nd7 16. f4 b4 17. Nd1 Ne7 18. g4 Nf8 19. Kh1 f6 20. Nf3 Bg7 21. Bxg7 Kxg7
22. Qf2 Kh8 23. g5 f5 24. Nd2 Ba6 25. Ne3 b3 26. c4 Nd7 27. exf5 exf5 28. Ra1
Bb7 29. Ra3 Nc6 30. Nxb3 Nb4 31. Nc1 Qe7 32. Nd1 1/2-1/2

[Event "4NCL Division 4 South"]
[Site "Reading, ENG"]
[Date "2017.03.18"]
[Round "7.31"]
[White "Richmond, Peter"]
[Black "Manole, Stefan"]
[Result "1/2-1/2"]
[WhiteElo "2087"]
[BlackElo "2078"]
[PlyCount "88"]
[EventDate "2017.03.18"]
[WhiteTeam "Brown Jack 2"]
[BlackTeam "West is Best 2"]

1. e4 c6 2. Ne2 d5 3. e5 e6 4. a3 Nd7 5. f4 Ne7 6. Ng3 c5 7. b4 b6 8. c3 Bb7 9.
d4 a5 10. b5 a4 11. Bd3 Ra5 12. Nd2 g6 13. Rb1 Nf5 14. Nxf5 exf5 15. Bc2 Be7
16. O-O Nf8 17. Nf3 Ne6 18. Bxa4 O-O 19. Bc2 cxd4 20. cxd4 Bxa3 21. Bd2 Ra8 22.
Bd3 Qe7 23. Qb3 Rfc8 24. g3 Bc5 25. Be3 Ra3 26. Qd1 Bb4 27. Rb3 Rc3 28. Rxa3
Rxa3 29. Qc2 Qc7 30. Bc1 Qxc2 31. Bxc2 Rxf3 32. Rxf3 Nxd4 33. Rf2 Nxb5 34. Bd3
Nc3 35. Kf1 d4 36. Bb2 Be4 37. Bc4 b5 38. Bxc3 dxc3 39. Bb3 Bd3+ 40. Kg2 Ba3
41. Ra2 Bb2 42. Ra8+ Kg7 43. Rc8 Bc4 44. Bxc4 c2 1/2-1/2

[Event "4NCL Division 4 South"]
[Site "Reading, ENG"]
[Date "2017.03.18"]
[Round "7.32"]
[White "Taylor, William J"]
[Black "Parker, Francis"]
[Result "0-1"]
[WhiteElo "2065"]
[BlackElo "1936"]
[PlyCount "56"]
[EventDate "2017.03.18"]
[WhiteTeam "West is Best 2"]
[BlackTeam "Brown Jack 2"]

1. e4 e5 2. Nf3 Nc6 3. Bc4 Nf6 4. d3 h6 5. O-O d6 6. c3 Bg4 7. h3 Bh5 8. Nbd2
Qd7 9. b4 g5 10. b5 Ne7 11. d4 Ng6 12. dxe5 dxe5 13. Nb3 Bd6 14. Qd3 g4 15.
hxg4 Bxg4 16. Nh2 O-O-O 17. Qe3 Kb8 18. f3 Be6 19. Bxe6 Qxe6 20. Qf2 Nf4 21.
Kh1 Rhg8 22. g3 Nh3 23. Qg2 Nh5 24. Ng4 Nxg3+ 25. Qxg3 h5 26. Qxh3 hxg4 27. Qg3
gxf3 28. Qxf3 Qg6 0-1

[Event "4NCL Division 4 South"]
[Site "Reading, ENG"]
[Date "2017.03.18"]
[Round "7.33"]
[White "Shaw, Meyrick"]
[Black "Gregory, Andrew M"]
[Result "1-0"]
[WhiteElo "1935"]
[BlackElo "1949"]
[PlyCount "65"]
[EventDate "2017.03.18"]
[WhiteTeam "Brown Jack 2"]
[BlackTeam "West is Best 2"]

1. d4 d5 2. Bf4 Nf6 3. e3 g6 4. Bd3 Bg7 5. Nd2 Nc6 6. Ngf3 Nh5 7. Bg3 Nxg3 8.
hxg3 Bg4 9. c3 e5 10. dxe5 Nxe5 11. Qa4+ Bd7 12. Bb5 c6 13. Nxe5 cxb5 14. Qf4
Be6 15. Ndf3 f6 16. Nd3 Rc8 17. Nd4 Qd7 18. Nxe6 Qxe6 19. Qd4 Qe4 20. Nf4 Qxd4
21. cxd4 O-O 22. Nxd5 Rc2 23. Rb1 Rd8 24. Nb4 Rc4 25. Nd3 f5 26. Ke2 Re8 27.
Kd2 Rd8 28. b3 Rc6 29. Rbc1 Rcd6 30. Nc5 Rb8 31. Ke2 b6 32. Na6 Rd7 33. Nxb8
1-0

[Event "4NCL Division 4 South"]
[Site "Reading, ENG"]
[Date "2017.03.18"]
[Round "7.34"]
[White "Davies, Matthew"]
[Black "Bourne, Johnathan D"]
[Result "1/2-1/2"]
[WhiteElo "1947"]
[BlackElo "1955"]
[PlyCount "38"]
[EventDate "2017.03.18"]
[WhiteTeam "West is Best 2"]
[BlackTeam "Brown Jack 2"]

1. d4 Nf6 2. c4 g6 3. Nc3 Bg7 4. e4 d6 5. Nf3 O-O 6. Be2 Na6 7. O-O e5 8. d5
Nc5 9. Qc2 a5 10. Ne1 Ne8 11. Be3 b6 12. Nd3 f5 13. Nxc5 bxc5 14. exf5 gxf5 15.
f4 e4 16. Qd2 Kh8 17. Rab1 Rg8 18. Nb5 Bd7 19. a4 Qf6 1/2-1/2

[Event "4NCL Division 4 South"]
[Site "Reading, ENG"]
[Date "2017.03.18"]
[Round "7.35"]
[White "Onslow, Teddy"]
[Black "Parry, Matthew"]
[Result "1/2-1/2"]
[WhiteElo "1780"]
[BlackElo "1913"]
[PlyCount "57"]
[EventDate "2017.03.18"]
[WhiteTeam "Brown Jack 2"]
[BlackTeam "West is Best 2"]

1. d4 Nf6 2. Bf4 c5 3. c3 cxd4 4. cxd4 Nc6 5. e3 g5 6. Bg3 h5 7. h3 Ne4 8. Bh2
e6 9. Be2 Bb4+ 10. Kf1 b6 11. a3 Bd6 12. Bxd6 Nxd6 13. Nc3 Bb7 14. Bxh5 Qf6 15.
Bg4 Qg6 16. Be2 f5 17. d5 Ne5 18. dxe6 Qxe6 19. Nf3 Nxf3 20. Bxf3 Bxf3 21. Qxf3
Ne4 22. Nxe4 fxe4 23. Qe2 {(=)} Rc8 24. g4 Qb3 25. Rb1 Rc2 26. Qd1 O-O 27. Rh2
{(=)} Qb5+ 28. Kg1 Rfc8 29. Qd4 1/2-1/2

[Event "4NCL Division 4 South"]
[Site "Reading, ENG"]
[Date "2017.03.18"]
[Round "7.36"]
[White "Eckert, Jonathan"]
[Black "O'Byrne, Daniel"]
[Result "0-1"]
[WhiteElo "1877"]
[BlackElo "1742"]
[PlyCount "62"]
[EventDate "2017.03.18"]
[WhiteTeam "West is Best 2"]
[BlackTeam "Brown Jack 2"]

1. e4 c5 2. Nc3 e6 3. f4 Nc6 4. Nf3 Nf6 5. Bb5 a6 6. Bxc6 dxc6 7. d3 b5 8. O-O
Be7 9. Qe1 O-O 10. Kh1 Qc7 11. e5 Nd5 12. Ne4 f6 13. exf6 Nxf6 14. Neg5 Qd6 15.
Ne5 Nd5 16. Ne4 Qc7 17. Bd2 a5 18. Qg3 Nf6 19. Ng5 Nd5 20. Rae1 Rf6 21. Ng4 Rg6
22. Qh3 Bxg5 23. fxg5 e5 24. Qf3 Bxg4 25. Qxg4 Re8 26. Qf5 Rge6 27. Bxa5 Qe7
28. Bc3 Nxc3 29. bxc3 Ra8 30. h4 Rxa2 31. Rxe5 Rxe5 0-1

[Event "4NCL Division 4 South"]
[Site "Reading, ENG"]
[Date "2017.03.18"]
[Round "7.41"]
[White "Davis, Holden"]
[Black "Woodhouse, Stephen V"]
[Result "1/2-1/2"]
[WhiteElo "1787"]
[BlackElo "1878"]
[PlyCount "55"]
[EventDate "2017.03.18"]
[WhiteTeam "Cambridge University 3"]
[BlackTeam "Wood Green MM 2"]

1. e4 e6 2. d4 d5 3. Nd2 c5 4. exd5 Qxd5 5. Ngf3 cxd4 6. Bc4 Qd6 7. O-O Nf6 8.
Nb3 Nc6 9. Nbxd4 Nxd4 10. Nxd4 a6 11. c3 Qc7 12. Be2 Bd6 13. h3 O-O 14. Bd3 Rd8
15. Bg5 Bh2+ 16. Kh1 Bf4 17. Bxf6 gxf6 18. Qg4+ Kh8 19. Qh4 f5 20. Rad1 Bd7 21.
Qf6+ Kg8 22. Rfe1 Re8 23. g3 Bc6+ 24. Kh2 Bd6 25. Qg5+ Kf8 26. Qh6+ Kg8 27.
Nxf5 exf5 28. Qg5+ 1/2-1/2